الشخصية الانسانية كما تصورها قصص سورة الكهف /
Saved in:
| Main Author: | |
|---|---|
| Other Authors: | |
| Format: | Thesis |
| Language: | Arabic |
| Subjects: | |
| Online Access: | http://studentrepo.iium.edu.my/handle/123456789/8569 |
| Tags: |
Add Tag
No Tags, Be the first to tag this record!
|
| LEADER | 024340000a22005050004500 | ||
|---|---|---|---|
| 001 | 289792 | ||
| 005 | 20230919161035.0 | ||
| 008 | 031029s2003 my g 000 0 ara d | ||
| 035 | |a (Sirsi) 289792 | ||
| 040 | |a UIAM |b eng | ||
| 041 | 0 | |a ara | |
| 043 | |a a-my-- | ||
| 050 | 0 | 0 | |a BP134.M3 |
| 100 | 0 | |a نظرة أحمد | |
| 242 | 1 | 3 | |a al-Shakhsiyah al-insaniyah kama tusawwiruha Surat al-Kahf |
| 245 | 1 | 2 | |a الشخصية الانسانية كما تصورها قصص سورة الكهف / |c اعداد نظرة أحمد |
| 264 | |a Kuala Lumpur : |b al-Jami'ah al-Islamiyah al-'Alamiyah Maliziya, |c 2003 | ||
| 300 | |a 162 leaves ; |c 31 cm. | ||
| 336 | |2 rdacontent |a text | ||
| 337 | |2 rdamedia |a unmediated | ||
| 337 | |2 rdamedia |a computer | ||
| 338 | |2 rdacarrier |a volume | ||
| 338 | |2 rdacarrier |a online resource | ||
| 347 | |2 rdaft |a text file |b PDF | ||
| 500 | |a Abstracts in Arabic and English | ||
| 502 | |a "Bahth takmili muqaddam li-nayl darajat al-Majistir fi kulliyah ma'arif al-wahy wa-al- turath (Qism al-dirasat qur'aniyah wa hadithiyah)."--on t.p. | ||
| 502 | |a Thesis (MIRKH)--International Islamic University Malaysia, 2003 | ||
| 504 | |a Includes bibliographical references (leaves 152-162). | ||
| 530 | |a Also available on 4 3/4 in. computer optical disc. | ||
| 630 | 0 | 0 | |a Qur'an. |t Surat al-Kahf |x Commentaries |
| 630 | 0 | 0 | |a Qur'an stories |
| 650 | 0 | |a Man (Islam) |x Qur'anic teaching | |
| 650 | 0 | |a Shakhsiyah | |
| 655 | 0 | 7 | |a Theses, IIUM local |
| 690 | 0 | |a Dissertations, Academic |x Department of Qur'an and Sunnah Studies |z IIUM | |
| 700 | 0 | |a Nadzrah Ahmad | |
| 710 | 2 | |a International Islamic University Malaysia. |b Department of Qur'an and Sunnah | |
| 730 | 0 | |a Shakhsiyah al-insaniyah kama tusawwiruha Surat al-Kahf (Electronic resource) | |
| 856 | 4 | |u http://studentrepo.iium.edu.my/handle/123456789/8569 | |
| 900 | |a ami-sa-hm-nbm | ||
| 942 | |2 lcc |c THESIS |n 0 | ||
| 999 | |c 432395 |d 463733 | ||
| 952 | |0 0 |1 0 |2 lcc |4 0 |6 T B P134 M3 N00138S 02003 |7 3 |8 IIUMTHESIS |9 755099 |a IIUM |b IIUM |c THESIS |d 2023-09-19 |g 0.00 |o t BP 134 M3 N138S 2003 |p 00011275107 |r 2017-10-17 |t 2 |v 0.00 |y THESIS | ||
| 952 | |0 0 |6 LU T BP 134 M3 N138S 2003 |7 0 |8 THESES |9 755886 |a IIUM |b IIUM |c CLOSEACCES |g 0.00 |o lu t BP 134 M3 N138S 2003 |p 00000902312 |r 2017-10-24 |t 1 |v 0.00 |y THESIS | ||
| 952 | |0 0 |6 TS CDF BP134M3N138S 2003 |7 0 |8 THESES |9 816388 |a IIUM |b IIUM |c MULTIMEDIA |g 0.00 |o ts cdf BP134M3N138S 2003 |p 11100325342 |r 2017-10-26 |t 1 |v 0.00 |y THESISDIG | ||
